000 00555pam a2200205 a 4500
020 _a081210756X
040 _cDLC
082 0 0 _a611 LEA 1981 A040 Or.
100 1 _aFiore, Mariano S. H. di.
245 1 0 _aAtlas of human histology /
250 _a5th ed. /
260 _aPhiladelphia :
_bLea & Febiger,
_c1981.
300 _a267 p. :
_bcol. ill. ;
_c29 cm.
500 _aRevised translation of: Atlas de histologĂ­a normal.
500 _aIncludes index.
650 0 _aHistology
650 2 _aHistology
700 1 _aSchmidt, Ida G.,
942 _cEK
999 _c12170
_d12170